<?xml version="1.0" encoding="UTF-8"?>
<record
    xmlns:xsi="http://www.w3.org/2001/XMLSchema-instance"
    xsi:schemaLocation="http://www.loc.gov/MARC21/slim http://www.loc.gov/standards/marcxml/schema/MARC21slim.xsd"
    xmlns="http://www.loc.gov/MARC21/slim">

  <leader>01849nas a2200277Ia 4500</leader>
  <controlfield tag="001">R050-R9877</controlfield>
  <controlfield tag="003">IT-CnALBA</controlfield>
  <controlfield tag="008">170116c99999999xx ||||||||||||   ||und||</controlfield>
  <datafield tag="040" ind1=" " ind2=" ">
    <subfield code="a">IT-CnALBA</subfield>
    <subfield code="c">IT-CnALBA</subfield>
  </datafield>
  <datafield tag="041" ind1=" " ind2=" ">
    <subfield code="a">POLIGLOTTA </subfield>
  </datafield>
  <datafield tag="100" ind1=" " ind2=" ">
    <subfield code="a">FONSEGRIVE GEORGES OU, LE QUERDEC YVES.</subfield>
  </datafield>
  <datafield tag="210" ind1=" " ind2=" ">
    <subfield code="a">REVUE DE PHILOSOPHIE</subfield>
  </datafield>
  <datafield tag="222" ind1=" " ind2=" ">
    <subfield code="a">REVUE DE PHILOSOPHIE</subfield>
  </datafield>
  <datafield tag="245" ind1=" " ind2="0">
    <subfield code="a">REVUE DE PHILOSOPHIE. GENNAIO GIUGNO 1909. VOL. I. </subfield>
  </datafield>
  <datafield tag="250" ind1=" " ind2=" ">
    <subfield code="a">1a ed.</subfield>
  </datafield>
  <datafield tag="260" ind1=" " ind2=" ">
    <subfield code="a"> PARIS</subfield>
    <subfield code="b">BEAUCHESNE GABR. E F. EDIT. </subfield>
    <subfield code="c">1909 [1&#xB0; Ed.:1909 - Ed.Ling.Originale: 1909]</subfield>
  </datafield>
  <datafield tag="300" ind1=" " ind2=" ">
    <subfield code="a">738 p. </subfield>
  </datafield>
  <datafield tag="310" ind1=" " ind2=" ">
    <subfield code="a">MENSILE</subfield>
  </datafield>
  <datafield tag="362" ind1=" " ind2=" ">
    <subfield code="a">Fascicolo: 1-6 / Anno: 9 (1909)</subfield>
  </datafield>
  <datafield tag="500" ind1=" " ind2=" ">
    <subfield code="a">CONFRONTA INDICE COMPLETO NEL DOCUMENTO R9878. CERTEZZA E VERIT&#xC0;. DIRETTORE PEILLAUBE E. PSICOLOGIA DEL PENSIERO. BRENIER V. DE MONT MORAND. SAN VINCENZO D&#xC8; PAOLI. SAGGIO DI PSICOLOGIA RELIGIOSA. INDICE COMPLETO DEL TPMO XIV. BELMOND S. L'ESSERE V. ESISTENZA DI DIO. F. ROUSSEL DESPIERRES, FUORI DALLO SCETTICISMO. IL METODO NELLE SCIENZE. LA VERIT&#xC0; SCIENTIFICA. CONTRIBUTI ALLA NOZIONE DI ISTERIA CON LO STUDIO DELL'IPNOSI. LA FILOSOFIA DI KANT ESPOSTA. PRAGMATISMO E MODERNISMO. </subfield>
  </datafield>
  <datafield tag="501" ind1=" " ind2=" ">
    <subfield code="a">Societ&#xE0; San Paolo EM - Piazza San Paolo, 14 - 12051 ALBA (CN)  (non commercial uses only) &#xAE; Copyright 2017</subfield>
  </datafield>
  <datafield tag="520" ind1=" " ind2=" ">
    <subfield code="a">CONFRONTA INDICE COMPLETO NEL DOCUMENTO R9878. CERTEZZA E VERIT&#xC0;. DIRETTORE PEILLAUBE E. PSICOLOGIA DEL PENSIERO. BRENIER V. DE MONT MORAND. SAN VINCENZO D&#xC8; PAOLI. SAGGIO DI PSICOLOGIA RELIGIOSA. INDICE COMPLETO DEL TPMO XIV. BELMOND S. L'ESSERE V. ESISTENZA DI DIO. F. ROUSSEL DESPIERRES, FUORI DALLO SCETTICISMO. IL METODO NELLE SCIENZE. LA VERIT&#xC0; SCIENTIFICA. CONTRIBUTI ALLA NOZIONE DI ISTERIA CON LO STUDIO DELL'IPNOSI. LA FILOSOFIA DI KANT ESPOSTA. PRAGMATISMO E MODERNISMO. </subfield>
  </datafield>
  <datafield tag="650" ind1=" " ind2=" ">
    <subfield code="a">FILOSOFIA E DISCIPLINE COLLEGATE</subfield>
  </datafield>
  <datafield tag="942" ind1=" " ind2=" ">
    <subfield code="c">CR</subfield>
  </datafield>
  <datafield tag="957" ind1=" " ind2=" ">
    <subfield code="7">1</subfield>
  </datafield>
  <datafield tag="999" ind1=" " ind2=" ">
    <subfield code="a">61444</subfield>
    <subfield code="b">SI </subfield>
    <subfield code="g">1</subfield>
    <subfield code="c">328470</subfield>
    <subfield code="d">328470</subfield>
  </datafield>
  <datafield tag="952" ind1=" " ind2=" ">
    <subfield code="0">0</subfield>
    <subfield code="1">0</subfield>
    <subfield code="4">0</subfield>
    <subfield code="6">R_050R9877</subfield>
    <subfield code="7">1</subfield>
    <subfield code="a">ALBA</subfield>
    <subfield code="b">ALBA</subfield>
    <subfield code="d">2017-01-16</subfield>
    <subfield code="l">0</subfield>
    <subfield code="o">R050-R9877</subfield>
    <subfield code="r">2017-01-16 00:00:00</subfield>
    <subfield code="w">2017-01-16</subfield>
    <subfield code="y">CR</subfield>
    <subfield code="z">(data import: 16 gennaio 2017) - By Epidotti, Vaglietti. </subfield>
  </datafield>
</record>
